| 000 | 01598nam a2200457 i 4500 | ||
|---|---|---|---|
| 001 | 14256 | ||
| 003 | KOSZ 005 | ||
| 005 | 20200508132241.0 | ||
| 008 | 070608s1972 pl a f 001 0 pol | ||
| 015 | _aPB 1972/5076 | ||
| 035 | _a(PL-WaBN)b19615838-48omnis_nlop | ||
| 035 | _ab19615838 | ||
| 035 | _a(OCoLC)839115451 | ||
| 035 | _a(PL)b0000001961583 | ||
| 040 |
_aWA N _cWA N _dKOSZ 005/RW |
||
| 046 | _k1966 | ||
| 080 | _a69:351.82](438) | ||
| 100 | 1 |
_aMałus, Barbara. _eAutor |
|
| 245 | 1 | 0 |
_aZbiór przepisów budownictwa : _bteksty, wyjaśnienia i komentarze. _nT. 5, _pGospodarka materiałowa i obrót towarowy / _cBarbara Małus. |
| 250 | _aWydanie 2., stan prawny na dzień 1 października 1971 r. | ||
| 260 |
_aWarszawa : _bCentralny Ośrodek Informacji Budownictwa, _c1972. |
||
| 300 |
_a415 stron : _bilustracje ; _c24 cm. |
||
| 336 |
_aTekst _btxt _2rdacontent |
||
| 337 |
_aBez urządzenia pośredniczącego _bn _2rdamedia |
||
| 338 |
_aWolumin _bnc _2rdacarrier |
||
| 380 | _aKsiążki | ||
| 380 | _aPublikacje fachowe | ||
| 388 | _a1901-2000 | ||
| 504 | _aIndeks. | ||
| 658 | _aArchitektura i budownictwo | ||
| 658 | _aPrawo i wymiar sprawiedliwości | ||
| 650 | 7 |
_aBudownictwo _2DBN |
|
| 651 | 7 | _aPolska | |
| 650 | 7 | _aPrawo | |
| 650 | 7 | _aZaopatrzenie | |
| 650 | 7 | _aObrót towarowy | |
| 710 | 2 |
_aCentralny Ośrodek Informacji Budownictwa _4pbl. |
|
| 856 |
_uhttp://koha.tu.koszalin.pl/cgi-bin/koha/opac-detail.pl?biblionumber=14256 _yKatalog online BPK |
||
| 942 |
_2UKD _cKS |
||
| 999 |
_c14256 _d14256 |
||